Raymond Vernon en 1963 : los dilemas de entonces y de ahora del desarrollo mexicano /

Detalles Bibliográficos
Otros Autores: Loaeza, Soledad (Editor), Márquez, Graciela (Editor)
Formato: Electrónico eBook
Lenguaje:español
Publicado: Ciudad de México, México : El Colegio de México, 2023.
Edición:Primera edición.
Materias:
Acceso en línea:Digitalia Hispánica

MARC

LEADER 00000nam a2200000 i 4500
001 DIGCOLMX0498
003 NyNyDIG
006 m o d
007 cr |||||||||||
008 231209s2023 mx ob 000 0 spa d
035 |a (OCoLC)1388319527 
040 |a DGITA  |b eng  |e rda  |e pn  |c DGITA 
020 |a 9786075645001  |q electrónico 
020 |z 9786075644196  |q impreso 
043 |a n-mx---  |a cl----- 
050 1 4 |a HC135 ebook 
245 0 0 |a Raymond Vernon en 1963 :  |b los dilemas de entonces y de ahora del desarrollo mexicano /  |c Soledad Loaeza, Graciela Márquez, coordinadoras. 
250 |a Primera edición. 
264 1 |a Ciudad de México, México :  |b El Colegio de México,  |c 2023. 
300 |a 1 online resource :  |b illustrations. 
336 |a text  |b txt  |2 rdacontent 
337 |a computer file  |b c  |2 rdamedia 
338 |a online resource  |b cr  |2 rdacarrier 
347 |a text file  |2 rdaft 
347 |b EPUB 
504 |a Includes bibliographical references. 
588 0 |a Online resource; title from ePub title page (Digitalia, viewed December 9, 2023) 
651 0 |a Mexico  |x Economic policy. 
651 0 |a Mexico  |x Economic conditions  |y 1918-. 
651 0 |a Latin America  |x Economic conditions  |y 1945-. 
700 1 |a Loaeza, Soledad,  |e editor. 
700 1 |a Márquez, Graciela,  |e editor. 
776 0 8 |i Print version:  |t Raymond Vernon en 1963.  |b Primera edición.  |d Ciudad de México, México : El Colegio de México, 2023  |z 9786075644196 
791 2 |a Digitalia (Firm),  |e distributor. 
793 0 |g Digitalia eBook Collection:  |a El Colegio de México 
856 4 0 |3 Digitalia Hispánica  |u https://www.digitaliapublishing.com/a/131867/ 
910 |a Premium collection: 2023